Moderne Kosten- und Leistungsrechnung Grundlagen und praktische Gestaltung
Saved in:
| Main Author: | |
|---|---|
| Format: | Book |
| Language: | German |
| Published: |
Wien
Linde
1986
|
| Edition: | 5. durchgesehene Aufl. |
| Series: | Schriftenreihe der Steuer- und Wirtschaftskartei
Nr. 37 |
| Subjects: | |
| Tags: |
No Tags, Be the first to tag this record!
|
MARC
| LEADER | 00000nam a2200000 4500 | ||
|---|---|---|---|
| 001 | c019293 | ||
| 005 | 20221207074834.0 | ||
| 020 | |a 3-85122-207-5 | ||
| 041 | 0 | |a ger | |
| 044 | |a AT | ||
| 245 | 1 | 0 | |a Moderne Kosten- und Leistungsrechnung |b Grundlagen und praktische Gestaltung |c Gerhard Seicht |
| 250 | |a 5. durchgesehene Aufl. | ||
| 264 | 1 | |a Wien |b Linde |c 1986 | |
| 300 | |a 487 s. | ||
| 490 | 1 | |a Schriftenreihe der Steuer- und Wirtschaftskartei |v Nr. 37 | |
| 830 | 0 | |a Schriftenreihe der Steuer- und Wirtschaftskartei |v Nr. 37 | |
| 610 | 2 | 0 | |a náklady |
| 610 | 2 | 0 | |a evidencia účtovná |
| 610 | 2 | 0 | |a účtovníctvo |
| 610 | 2 | 0 | |a výkony podnikové |
| 610 | 2 | 0 | |a prípady účtovné |
| 610 | 2 | 0 | |a účty |
| 610 | 2 | 0 | |a podnik |
| 610 | 2 | 0 | |a metódy účtovné |
| 610 | 2 | 0 | |a odbyt |
| 610 | 2 | 0 | |a plánovanie |
| 610 | 2 | 0 | |a kalkulácia nákladov |
| 100 | 1 | |a Seicht, Gerhard | |